000 00557nam a2200205Ia 4500
003 GCL
008 140319s9999 xx 000 0 ara d
040 _aGCL /
_cGCL
082 0 4 _a813.009
_bن ف
100 1 _aنبيل راغب
245 1 0 _aفن التاليف الروائى /
_cنبيل راغب
260 _a[S.N] :
_bمكتبة مصر ،
_c1990
300 _a104 ص
490 _a
650 0 4 _aالادب العربى
650 0 4 _aالقصص العربية
650 0 4 _aالتأليف
650 0 4 _aتاريخ ونقد
942 _2ddc
_cBK
999 _c34370
_d34370